[Event "debreceni Evzaro for U1800 B"]
[Site "?"]
[Date "2011.12.27"]
[Round "7.2"]
[White "Szanto, Imre"]
[Black "Gerda, Emil"]
[Result "1-0"]
[WhiteElo "1635"]
[BlackElo "1656"]
[PlyCount "127"]
[EventDate "2011.??.??"]

1. e4 c6 2. Nc3 d5 3. exd5 cxd5 4. d4 Nc6 5. Bb5 Nf6 6. Nf3 e6 7. O-O Be7 8.
Ne5 Qb6 9. b3 a6 10. Bxc6+ bxc6 11. Bb2 O-O 12. Rc1 Bb7 13. Na4 Qd8 14. c4 Rc8
15. cxd5 cxd5 16. Nc5 Bxc5 17. dxc5 Nd7 18. c6 Nxe5 19. cxb7 Rxc1 20. Bxc1 Qb8
21. Qe2 Qxb7 22. Qxe5 Qd7 23. Ba3 Rc8 24. Rc1 Rxc1+ 25. Bxc1 Qc8 26. Qb2 f6 27.
g3 Kf7 28. Bd2 e5 29. Qc3 Qxc3 30. Bxc3 d4 31. Bd2 Ke6 32. f3 Kd5 33. Kf2 g6
34. Ke2 f5 35. h4 h5 36. a3 Kc5 37. Be1 Kd5 38. Bb4 e4 39. f4 Kc6 40. Ba5 Kd5
41. Bb6 d3+ 42. Ke3 Kc6 43. Ba5 Kb5 44. Bb4 a5 45. Bd2 a4 46. b4 Kc4 47. Be1
Kd5 48. Bd2 Kc4 49. b5 Kxb5 50. Kd4 Kc6 51. Kc4 Kd6 52. Kb4 Kd5 53. Be3 Kd6 54.
Kxa4 Kc6 55. Kb4 Kd5 56. Kb5 d2 57. Bxd2 Kd4 58. a4 e3 59. Be1 Kd3 60. a5 Ke2
61. Bb4 Kf1 62. a6 e2 63. a7 Kf2 64. a8=Q 1-0

[Event "debreceni Evzaro for U1800 B"]
[Site "?"]
[Date "2011.12.27"]
[Round "7.3"]
[White "Gyorffy, Peter Pal"]
[Black "Szabo, Mate"]
[Result "1/2-1/2"]
[WhiteElo "1575"]
[BlackElo "1794"]
[PlyCount "30"]
[EventDate "2011.??.??"]

1. e4 c5 2. Nf3 d6 3. d4 cxd4 4. Nxd4 e5 5. Nb5 a6 6. N5a3 Nf6 7. Bg5 Be6 8.
Nc4 Bxc4 9. Bxc4 Qa5+ 10. Qd2 Qb6 11. Nc3 Be7 12. Bxf6 Bxf6 13. O-O Qc7 14. Bb3
Nc6 15. Nd5 Qd8 1/2-1/2

[Event "debreceni Evzaro for U1800 B"]
[Site "?"]
[Date "2011.12.27"]
[Round "7.5"]
[White "Simon, Lili"]
[Black "Jakab, Kincso"]
[Result "1/2-1/2"]
[WhiteElo "1752"]
[BlackElo "1579"]
[PlyCount "79"]
[EventDate "2011.??.??"]

1. e4 c5 2. Nf3 d6 3. Bb5+ Bd7 4. Bxd7+ Nxd7 5. O-O g6 6. c3 Bg7 7. d4 cxd4 8.
cxd4 e6 9. Nc3 Ne7 10. Be3 O-O 11. Qd2 Nb6 12. b3 d5 13. e5 a6 14. Bh6 Nf5 15.
Bxg7 Kxg7 16. Rac1 Qd7 17. Ne2 Nc8 18. Qg5 Qd8 19. Qxd8 Rxd8 20. Rc7 b5 21. Ng5
Nfe7 22. Rfc1 h6 23. Nf3 Kf8 24. h4 Ra7 25. Nh2 Rxc7 26. Rxc7 Kg7 27. Ng4 h5
28. Nf6 Nf5 29. g3 Nb6 30. Rc6 Rb8 31. Kf1 Ne7 32. Rc7 Nec8 33. Nf4 Kf8 34. Nh3
Ra8 35. Ng5 Ra7 36. Rc6 b4 37. Nf3 a5 38. Nd2 Ke7 39. Ke2 Kd8 40. Kd3 1/2-1/2

[Event "debreceni Evzaro for U1800 B"]
[Site "?"]
[Date "2011.12.27"]
[Round "7.6"]
[White "Lovas, David"]
[Black "Konya, Istvan"]
[Result "1-0"]
[WhiteElo "1734"]
[BlackElo "1465"]
[PlyCount "155"]
[EventDate "2011.??.??"]

1. e4 e5 2. Nf3 d6 3. d4 Be7 4. dxe5 dxe5 5. Qxd8+ Bxd8 6. Nxe5 Nf6 7. Nc3 O-O
8. Nd3 Re8 9. e5 Nfd7 10. Bf4 a6 11. O-O-O b5 12. a3 Bb7 13. h4 Nc6 14. Bg3 Re6
15. f4 Nd4 16. Bf2 Nf5 17. Rh2 f6 18. g4 Nh6 19. g5 Ng4 20. Bh3 f5 21. Bxg4
fxg4 22. Rg1 Bf3 23. Ne1 Rc8 24. Nxf3 gxf3 25. Rh3 c5 26. Rxf3 b4 27. Nd5 Ba5
28. Rd1 bxa3 29. Rxa3 Bb4 30. Nxb4 cxb4 31. Rb3 Nf8 32. Rxb4 Rec6 33. Rd2 Ng6
34. Bg3 Ne7 35. Rbd4 Nf5 36. Rd8+ Kf7 37. Rxc8 Rxc8 38. Bf2 Rc4 39. Re2 Ke6 40.
Be1 Rxf4 41. Rh2 Rf1 42. Kd2 Nd4 43. Rh3 Rf7 44. Re3 Nf3+ 45. Ke2 Nd4+ 46. Kd3
Rd7 47. Kc3 Nf5 48. Re4 Kd5 49. Re2 Rc7+ 50. Kd3 Nd4 51. Rg2 Ne6 52. Rg4 Nc5+
53. Ke3 Ne6 54. c3 Rb7 55. b4 Kxe5 56. Re4+ Kd5 57. Bg3 Re7 58. c4+ Kc6 59. Re5
Kb6 60. Ke4 Kc6 61. b5+ axb5 62. cxb5+ Kb6 63. Bf2+ Kc7 64. Kf5 g6+ 65. Kf6 Kd7
66. Be1 Re8 67. Rd5+ Kc8 68. Ba5 Nf4 69. Rc5+ Kb7 70. Rc7+ Ka8 71. Rxh7 Nh5+
72. Kxg6 Nf4+ 73. Kf7 Rb8 74. Bd2 Rxb5 75. Bxf4 Rb7+ 76. Kg6 Rb6+ 77. Kh5 Re6
78. g6 1-0